Central Library OPAC University of Rajshahi

Electronic circuit design / (Record no. 67002)

MARC details
000 -LEADER
fixed length control field 00686nam a2200241 a 4500
001 - CONTROL NUMBER
control field 67002
003 - CONTROL NUMBER IDENTIFIER
rucl marc code BD-RjUL
005 - DATE AND TIME OF LATEST TRANSACTION
control field 20211209081614.0
008 - FIXED-LENGTH DATA ELEMENTS--GENERAL INFORMATION
fixed length control field 170321r19751969ii a 001 0 eng c
035 ## - SYSTEM CONTROL NUMBER
System control number (BD-RjUL)67133
040 ## - CATALOGING SOURCE
Original cataloging agency DZM
Transcribing agency DZM
Modifying agency UKM
-- BD-RjUL
Language of cataloging eng
041 ## - LANGUAGE CODE
Language code of text/sound track or separate title eng
082 ## - DEWEY DECIMAL CLASSIFICATION NUMBER
Classification number 621.38153
Edition number 23
Author mark and year WAE 1975
100 1# - MAIN ENTRY--PERSONAL NAME
Personal name Waters, Farl Jacob.
9 (RLIN) 198411
245 10 - TITLE STATEMENT
Title Electronic circuit design /
Statement of responsibility, etc. by Farl J. Waters
250 ## - EDITION STATEMENT
Edition statement 1st. ed.
260 ## - PUBLICATION, DISTRIBUTION, ETC. (IMPRINT)
Place of publication, distribution, etc. Indianapolis :
Name of publisher, distributor, etc. H.W. Sams,
Date of publication, distribution, etc. c1969 [reprint 1975]
300 ## - PHYSICAL DESCRIPTION
Pagination 160 p. :
Illustrations ill. ;
Size 22 cm.
500 ## - GENERAL NOTE
General note Includes Indexes.
650 #0 - SUBJECT ADDED ENTRY--TOPICAL TERM
Topical term or geographic name as entry element Electronic circuit design.
9 (RLIN) 198412
942 ## - ADDED ENTRY ELEMENTS (KOHA)
Source of classification or shelving scheme Dewey Decimal Classification
Koha item type Books
Holdings
Lost status Source of classification or shelving scheme Damaged status Not for loan Collection code Permanent Location Current Location Shelving location Date acquired Source of acquisition Cost, normal purchase price Total Checkouts Full call number Date last seen Copy number Koha item type
  Dewey Decimal Classification   Not For Loan Non-fiction Central Library, University of Rajshahi Central Library, University of Rajshahi Reading Room 17/11/1979 India Int. Calcutta 19.00   621.38153 WAE 1975 21/03/2017 C-1 Books
  Dewey Decimal Classification     Non-fiction Central Library, University of Rajshahi Central Library, University of Rajshahi   05/03/1979 India Int. Calcutta 19.75   621.38153 WAE 1975 28/05/2017 C-2 Books